000
00334nam a2200157Ia 4500
100
_a
Senn/ James A
250
_a
2
942
_c
BK
654
_a
information systems
245
_a
Analysis & design of information systems
260
_b
none
_c
1989
082
_a
658.403
_b
SEN
300
_a
853
546
_a
ENGLISH
999
_c
27183
_d
27183